| 000 | 00770nam a22002297a 4500 | ||
|---|---|---|---|
| 999 |
_c64573 _d64573 |
||
| 005 | 20240530110738.0 | ||
| 008 | 180904s2006 ua a g b 000 0 ara d | ||
| 017 |
_bمصر. دار الكتب _a2006/16781 |
||
| 020 | _a9775732689 | ||
| 040 |
_aEG-CaGPL _cEG-CaGPL |
||
| 082 | 0 | 4 |
_221 _a219.1 \ _bخ إ |
| 100 | 0 | _aخالد محمد خالد | |
| 245 | 1 | 0 |
_aالى كلمة سواء / _cخالد محمد خالد |
| 250 | _aط.4 | ||
| 260 |
_aالاسكندرية : _bدار الوفاء لدنيا الطباعة و النشر ، _c2006 . |
||
| 300 |
_a199 ص. ؛ _c24 سم. |
||
| 650 | 0 | 7 |
_aالاسلام _2qrmak |
| 650 | 0 | 7 |
_aالثقافة الاسلامية _2qrmak |
| 651 | _2qrmak | ||
| 942 |
_2ddc _cBK |
||